Prolegómenos a toda metafísica futura (Registro nro. 183642)

Detalles MARC
000 -ENCABEZADO
Número de control [NR] 01138 a2200325 4500
005 - FECHA Y HORA DE LA ÚLTIMA TRANSACCIÓN
control field 20140903175011.0
008 - DE LONGITUD FIJA DE DATOS DE ELEMENTOS - INFORMACIÓN GENERAL
Elementos de longitud fija [NR] 140127s1999 sp fr 000 0 spa
020 ## - NUMERO INTERNACIONAL NORMALIZADO PARA LIBROS [R]
Número Internacional Normalizado del libro [NR] 8470903349
020 ## - NUMERO INTERNACIONAL NORMALIZADO PARA LIBROS [R]
Número Internacional Normalizado del libro [NR] 9788470903342
040 ## - FUENTE DE CATALOGACION [NR]
Agencia de catalogación original [NR] CO-BoUCM
Idioma de catalogación [NR] spa
Quien Cataloga Jose A. Gerena
Quien Clasifica
041 00 - CODIGO DE IDIOMA [R]
Código de idioma para texto/pista de sonido o título separado [R] Español
100 1# - ASIENTO PRINCIPAL--NOMBRE PERSONAL [NR]
Nombre personal [NR] Kant, Inmanuel
Fechas asociadas con el nombre [NR] 1724 - 1804
ID Autoridad 54428
245 10 - MENCION DE TITULO [NR]
Título [NR] Prolegómenos a toda metafísica futura
Mención de responsabilidad, etc. [NR] Immanuel kant ,traducción, comentarios y notas de Mario Caimi
260 ## - PUBLICACION, DISTRIBUCION, ETC. (PIE DE IMPRENTA) [R]
Nombre del editor, distribuidor, etc. [R] Istmo
Lugar de publicación, distribución, etc. [R] Madrid (España)
Fecha de publicación, distribución, etc. [R] 1999
300 ## - DESCRIPCION FISICA [R]
Extensión [R] 387 páginas
490 ## - MENCION DE SERIE [R]
Mención de serie [R] Fundamentos
Designación numérica/secuencial del volumen [NR] 153
500 ## - NOTA GENERAL [R]
Nota general [NR] Edición bilingüe en alemán y español
500 ## - NOTA GENERAL [R]
Nota general [NR] Inclue índice
630 04 - ASIENTO SECUNDARIO DE MATERIA - TITULO UNIFORME [R]
Título uniforme [NR] Crítica de la razón pura
Subdivisión general [R] Crítica e interpretación
9 (RLIN) 54891
650 #7 - ASIENTO SECUNDARIO DE MATERIA - TERMINO TEMATICO [R]
9 (RLIN) 15753
Término temático o nombre geográfico como elemento de entrada [NR] Filosofía de la ciencia
650 #7 - ASIENTO SECUNDARIO DE MATERIA - TERMINO TEMATICO [R]
9 (RLIN) 19397
Término temático o nombre geográfico como elemento de entrada [NR] Metafísica
650 #7 - ASIENTO SECUNDARIO DE MATERIA - TERMINO TEMATICO [R]
9 (RLIN) 23022
Término temático o nombre geográfico como elemento de entrada [NR] Racionalismo
650 #7 - ASIENTO SECUNDARIO DE MATERIA - TERMINO TEMATICO [R]
9 (RLIN) 23099
Término temático o nombre geográfico como elemento de entrada [NR] Razón
650 #7 - ASIENTO SECUNDARIO DE MATERIA - TERMINO TEMATICO [R]
9 (RLIN) 403
Término temático o nombre geográfico como elemento de entrada [NR] Teoría del conocimiento
690 ## - ASUNTO AGREGADO LOCAL DE ENTRADA - TÉRMINO TEMÁTICO (OCLC, RLIN)
9 (RLIN) 42814
Acceso temático local Filosofía
690 ## - ASUNTO AGREGADO LOCAL DE ENTRADA - TÉRMINO TEMÁTICO (OCLC, RLIN)
9 (RLIN) 42918
Acceso temático local Teoría del conocimiento
700 1# - ASIENTO SECUNDARIO - NOMBRE PERSONAL [R]
Nombre personal [NR] Caimi, Mario
Término de relación [R] traductor
9 (RLIN) 54429
942 ## - ELEMENTOS DE ENTRADA AGREGADOS (KOHA)
Tipo de ítem principal el descrito en 300a Libro
Tema principal Filosofía
Edición 1
Parte restante de la signatura top. K167
Sistema de clasificación DEWEY
Clasificación 110
Existencias
Fecha de último préstamo Total préstamos Signatura topográfica Código de barras Última vez visto Ejemplar Costo de reposición Price effective from Tipo de ítem Perdido Sistema de clasificación Dañado No prestable Tipo de ítem específico Suprimido Ubicación habitual Ubicación actual Localización Fecha de creación Proveedor Forma de adquisición Costo
24/11/2021 2 110 K167 100139765 05/12/2025 Ej.1 39750.00 09/12/2013 Libro de reserva   DEWEY     Libro de reserva   Claustro Claustro 2do piso 09/12/2013 37 Compra 39750.00